Представление документа в формате RUSMARC

ПолеНазваниеЗначение
  Тип записи a
  Библиографический уровень m
001 Контрольный номер RU/CBS_UL/BASE/7b2bc7a6e40a4e1e8fddebe8915d389d
005 Дата корректировки 20240530165032.4
010 Индекс ISBN __
d Цена 2500 р. 00 к.
9 Тираж экз.
a ISBN
b Уточнения в пер.
100 Данные общей обработки __
a Данные общей обработки 20240530d 0rusy0189## ca
101 Язык документа 0_
a Язык текста rus
102 Страна публикации __
a Страна публикации RU
200 Заглавие и сведения об ответственности 1_
a Заглавие Поэзия и судьба
e Сведения, относящиеся к заглавию над страницами духовной биографии Пушкина
f Первые сведения об ответственности В. С. Непомнящий
205 Сведения об издании __
a Основные сведения об издании 2-е изд. доп.
210 Выходные данные 1_
a Место издания Москва
c Издательство Советский писатель
d Дата издания 1987
215 Физическое описание __
a Объем 448 с.
d Формат см.
300 Общие примечания __
a Общие примечания Под инв. номером 49142: 26-1
300 Общие примечания __
a Общие примечания 16+
600 Персоналии _1
a Персоналии (Фамилия) Пушкин
b Персоналии (Имя, инициалы) А. С.
606 Тематические рубрики 0_
a Основная рубрика Пушкин, Александр Сергеевич (1799-1837)
610 Ключевые слова 0_
a Ключевые слова поэты русские; анализ произведений; критика литературная; творческое наследие; жизнь поэта; пушкиниана; пушкиноведение
686 Индексы других классификаций __
2 Код системы rubbk
a Классификационный индекс 83.3(2Рос=Рус)1
700 Автор _1
a Фамилия Непомнящий
b Имя (инициалы) В. С.
g Полное личное имя Валентин Семенович
801 Источник записи _0
a Страна RU
b Организация МБУК ЦБС г. Ульяновска
c Дата составления 20240530
g Правила каталогизации RCR
801 Источник записи _1
a Страна RU
b Организация МБУК ЦБС г. Ульяновска
c Дата составления 20240530
g Правила каталогизации RCR
852 Данные о местонахождении __
i Авторский знак Н 53
j Шифр хранения 83.3(2Рос=Рус)1
901 Тип документа __
t Тип документа m
909 Создатель записи __
a Создатель записи obr2
b Дата создания записи 20240530